Регионална библиотека "Любен Каравелов" - Русе

По бреговете на Сена (Запис номер 401962)

MARC детайли
000 -Лидер
Контролно поле с фиксирана дължина nam a22 a 4500
003 - Код на организацията, давaща контролен номер
Контролно поле BLK
005 - Дата и час на последна редакция
Контролно поле 20220120105213.0
008 - Елементи от данни с фиксирана дължина
fixed length control field 210304b bu |||||r|||| 00| | bu d
020 ## - Международен стандартен номер на книга ISBN
Международен стандартен номер на книга ISBN 9786190107552
040 ## - Източник на каталожния запис
Идентификатор на билиотеката - собственик на записа BLK
041 ## - Код за език
Код за езика на текст/звукозапис или на отделно заглавие Български
Код за езика КДБФ Български
080 ## - УДК
Текстов определител УДК Руска литература
УДК код - определител по УДК 821.161.1
УДК определител -94
УДК - код + определител 821.161.1-94
100 ## - Редна дума - Автор
R(LIN) 1299
Автор Одоевцева, Ирина Владимировна
Авторска отговорност първи автор
139 ## - Редно поле
Редна дума Одоевцева, Ирина Владимировна
Авторски знак Одо - О 42
245 ## - Сведения за заглавието
Заглавие По бреговете на Сена
Редно поле (дума) Ирина Одоевцева ; прев. от рус. Нели Пигулева
257 ## - Страна на издаване
Страна на създаване/издаване Русия
260 ## - Област на издателските данни
9 (RLIN) 210881
Място на издаване, разпространение и проч. София
Име на издателя, разпространителя и проч. Изток-Запад
Година на издаване 2020
300 ## - Физическа характеристика
Страници 448 с.
Размери/Мащаб 22 см
380 ## - Жанр
Жанр Худож. лит.
500 ## - Общи забележки
Забележка Ориг. загл.: На берегах Сены / Ирина Одоевцева - Ирина Одоевцева - псевд. на авт. Ираида Густавовна Гейнике
700 ## - Други автори (авторска отговорност)
9 (RLIN) 1121
Лично име Пигулева, Нели Димитрова
Автороска отговорност (Описва отношението между автора и произведението) прев. от рус.
852 ## - Местоположение
Форматна сигнатура 821-31/О 42 И
Фондова буква Заемна - подръчен фонд
999 ## - СИСТЕМНИ КОНТРОЛНИ НОМЕРА
Koha biblionumber 401962
Koha biblioitemnumber 401962
942 ## - АРТИКУЛИ
Вид на библиотечния материал Книги
Скрит в OPAC Не
Периодичен библиозапис Да
Koha issues (borrowed), all copies 7
944 ## - СЪЗДАВАНЕ И РЕДАКЦИЯ на ЗАПИСА
Създаване/Редакция Създаване
Дата на регистрацията/редакция 2021-03-23
Служител, извършил регистрацията/редакцията В. Т.
999 ## - СИСТЕМНИ КОНТРОЛНИ НОМЕРА
Koha biblioitemnumber 401962
Наличности
Код за отписване Код за изгубен артикул Източник на класификационната схема Код за повреда Коз за рестрикции Код за отдаване Артикулен № Име на библиотеката - собственик Име на библиотеката, в която се намира в момента Статус (Текущо местоположение) Дата на вписване в системата Местоположение - отдел Цена в лева Систематично азбучна сигнатура Баркод Цена в евро Служебен тип на артикула
  Не е изгубен Universal Decimal Classification Не е повреден без рестрикции заемане за дома 817710 Регионална библиотека "Любен Каравелов" Русе Регионална библиотека "Любен Каравелов" Русе Заемна - подръчен фонд 2021-03-24 Заемна - подръчен фонд 14.92 882-31/О 42 И 120000853981 7.63 Книги
  Не е изгубен Universal Decimal Classification Не е повреден само за читалня ползва се в читалня 836586 Регионална библиотека "Любен Каравелов" Русе Регионална библиотека "Любен Каравелов" Русе Хранилище 2021-06-15 Хранилище 19.90 Цб 307872 120000856348 10.17 Книги
Vip Innovations Ltd, Rousse, Bulgaria 2025